Derechos de justicia Debido proceso y tutela jurisdiccional efectiva /

Bibliographic Details
Main Author: Da̕z Colchado, Juan Carlos
Format: eBook
Language:Spanish
Published: Lima: Palestra Editores, 2021
Subjects:
Online Access:Acceso restringido

MARC

LEADER 00000nam a22000007a 4500
005 20220823012628.0
007 cr|||| ||||
008 220823s2021 pe |||||s|||| 00||0 spa d
020 |a 9786123252120 
035 |a 36945 
040 |a vLex 
090 |c 13793  |d 13793 
100 1 |a Da̕z Colchado, Juan Carlos 
245 1 0 |a Derechos de justicia  |h [Recurso electrn̤ico] :  |b Debido proceso y tutela jurisdiccional efectiva /  |c Juan Carlos Da̕z Colchado 
256 |a Servicio en ln̕ea 
260 |a Lima:  |b Palestra Editores,  |c 2021 
300 |a 1 recurso electrn̤ico 
500 |a Se ha seąlado con mucha razn̤ que en el marco del Estado constitucional los derechos fundamentales son la piedra angular del derecho pb︢lico y privado. No obstante, por la propia dinm̀ica de las relaciones sociales, pueden verse comprometidos por el actuar arbitrario, irrazonable o desproporcionado de las autoridades y de los particulares. Para enfrentar ello, la Constitucin̤ ha instaurado procesos y procedimientos para la tutela efectiva de los derechos fundamentales, los que deben ajustarse a los cǹones que se derivan de los derechos de justicia: el debido proceso y la tutela jurisdiccional efectiva reconocidos en el artc̕ulo 139.3 de la Constitucin̤ de 1993 que son desarrollados en el presente libro. 
506 1 |a Disponible solo en los productos indicados  |d vLex Global  |d vLex Global (Academic Edition, excluding Law Schools)  |d vLex Global (U.S. Academic Edition, Law Schools)  |d vLex Global (U.S. Academic Edition, excluding Law Schools)  |d vLex Global (Academic Edition, Law Schools) 
650 0 4 |a Derecho Constitucional  |z Per︢ 
740 0 |a vLex Libros (Servicio en ln̕ea) 
856 4 0 |u https://app.vlex.com/#/sources/36945  |z Acceso restringido 
942 |c BOOK 
999 0 |a Constitutional right